| 000 | 00645nam a2200217 u 4500 | ||
|---|---|---|---|
| 005 | 20241012064032.0 | ||
| 008 | 100831s2008 mx r 000 0 spa d | ||
| 020 | _a9789682483059 | ||
| 035 | _aUPN01000177594 | ||
| 049 | _aCG | ||
| 050 | 4 |
_aLB1029 G3 _bV4.2 |
|
| 100 | 1 | _aVelásquez Navarro, José de Jesús | |
| 245 | 1 | 0 |
_aAmbientes lúdicos de aprendizaje : _bdiseño y operación / _cJosé de Jesús Velásquez Navarro. |
| 260 |
_aMéxico : _bTrillas, _cc2008. |
||
| 300 | _a168 p. | ||
| 650 | 4 |
_aJuegos educativos _93952 |
|
| 650 | 4 |
_aInnovaciones educativas _9386 |
|
| 650 | 4 |
_aJuegos _95342 |
|
| 905 | _aLibro | ||
| 999 |
_c149697 _d149697 |
||